Stellar instability and evolution (Record no. 4710)

MARC details
000 -LEADER
fixed length control field 00983nam a2200253Ia 4500
003 - CONTROL NUMBER IDENTIFIER
control field IN-BaIIA
008 - FIXED-LENGTH DATA ELEMENTS--GENERAL INFORMATION
fixed length control field 211028s9999 xx 000 0 eng d
020 ## - INTERNATIONAL STANDARD BOOK NUMBER
International Standard Book Number 90-277-0479-1
040 ## - CATALOGING SOURCE
Transcribing agency IIA Library
080 ## - UNIVERSAL DECIMAL CLASSIFICATION NUMBER
Universal Decimal Classification number 082.2:52
Item number IAU-S59
111 ## - MAIN ENTRY--MEETING NAME
Meeting name or jurisdiction name as entry element International Astronomical Union Symposium
Number of part/section/meeting 59th
Location of meeting Canberra, Australia
Date of meeting or treaty signing 1973 Aug. 16-18
9 (RLIN) 8343
245 #0 - TITLE STATEMENT
Title Stellar instability and evolution
Remainder of title proceedings of the IAU symposium No.59, held in Mount Stromlo, Canberra, Australia, August 16-18, 1973
Statement of responsibility, etc. edited by P. Ledoux, A. Noels and A. W. Rodgers
260 ## - PUBLICATION, DISTRIBUTION, ETC.
Place of publication, distribution, etc. Dordrecht
Name of publisher, distributor, etc. D. Reidel Publishing
Date of publication, distribution, etc. 1974
300 ## - PHYSICAL DESCRIPTION
Extent xi, 198p.
490 ## - SERIES STATEMENT
Series statement IAU Symposium; no. 59
650 ## - SUBJECT ADDED ENTRY--TOPICAL TERM
Topical term or geographic name entry element  Stellar evolution 
9 (RLIN) 8344
650 ## - SUBJECT ADDED ENTRY--TOPICAL TERM
Topical term or geographic name entry element  Stellar instability
9 (RLIN) 8345
650 ## - SUBJECT ADDED ENTRY--TOPICAL TERM
Topical term or geographic name entry element Astronomy and Astrophysics Thesaurus 
9 (RLIN) 1143
700 ## - ADDED ENTRY--PERSONAL NAME
Personal name Ledoux, P., ed.
9 (RLIN) 8346
700 ## - ADDED ENTRY--PERSONAL NAME
Personal name Noels, A., ed.
9 (RLIN) 8347
700 ## - ADDED ENTRY--PERSONAL NAME
Personal name Rodgers, A. W., ed.
9 (RLIN) 8348
710 ## - ADDED ENTRY--CORPORATE NAME
Corporate name or jurisdiction name as entry element International Astronomical Union
942 ## - ADDED ENTRY ELEMENTS (KOHA)
Koha item type Books
Holdings
Withdrawn status Lost status Damaged status Not for loan Home library Current library Shelving location Date acquired Total Checkouts Full call number Barcode Date last seen Price effective from Koha item type
        IIA Library-Bangalore IIA Library-Bangalore General Stacks 08/05/1975   082.2:52/ IAU-S59 5264 05/11/2021 08/05/1975 Books

Powered by Koha